00593nam a2200241Ia 450000500170000000800460001702000180006303700100008104000080009104000080009904000080010704100080011504100080012308400080013110000190013924500480015824500470020626000230025326000090027636500050028536500080029085600530029820260324132315.0008 260324s9999 xx 000 0 eng d a9781315631097 aEBOOK aCRL beng cCRL 2eng aeng qCRL aMadeleine Kahn 0aWhy are We Reading Ovid's Handbook on Rape? 0bTeaching and Learning at a Women's College bTaylor and Francis c2005 a b350 uhttp://www.taylorfrancis.com/books/9781315631097